00445nam a2200169Ia 450000500170000000800410001702000220005804100080008008200160008810000110010424500320011526000360014730000090018350000320019265000310022470000200025520230416040434.0230125s9999 xx 000 0 und d a978-81-8209-222-8 aeng a005.74bLEO aLeon A aDatabase Management Systems c1999bLeon Vikas Pub.aChennai  a988p aDatabase management system  aDatabase management system aLeon A & Leon M